MCU actors in Middle-Earth - Statistics

General Stats
  • This quiz has been taken 65 times
  • The average score is 7 of 10
Answer Stats
MCU Middle-Earth Answer % Correct
Stephen Strange / Doctor Strange Smaug & Sauron the Necromancer Benedict Cumberbatch
98%
Ulysses Klaue Gollum / Sméagol Andy Serkis
88%
Hela Galadriel Cate Blanchett
86%
Everett K. Ross Bilbo Baggins Martin Freeman
80%
Hope van Dyne / Wasp Tauriel Evangeline Lilly
75%
Johann Schmidt / Red Skull Elrond Hugo Weaving
75%
Elizabeth « Betty » Ross Arwen Undómiel Liv Tyler
73%
Skurge the Executioner Éomer Karl Urban
61%
Ronan the Accuser Thranduil Lee Pace
49%
Heinz Kruger Thorin Oakenshield Richard Armitage
33%
No matching quizzes found
Score Distribution
Percent of People with Each Score
Percentile by Number Answered
Your Score History
You have not taken this quiz